Nouveaux appareils de chimie de M. J. Letoret... (Record no. 68869)

MARC details
000 -LEADER
campo de control de longitud fija 00624nam a2200157 i 4500
001 - NÚMERO DE CONTROL
campo de control 68869
003 - IDENTIFICADOR DE NÚMERO DE CONTROL
campo de control ES-MaACL
007 - CAMPO FIJO DE DESCRIPCIÓN FÍSICA--INFORMACIÓN GENERAL
campo de control de longitud fija t|
008 - DATOS DE LONGITUD FIJA--INFORMACIÓN GENERAL
campo de control de longitud fija 040715q18701890fr ||||1| fre d
100 1# - ENTRADA PRINCIPAL--NOMBRE DE PERSONA
Nombre de persona Bouhy, Victor.
9 (RLIN) 30880
245 10 - MENCIÓN DEL TÍTULO
Título Nouveaux appareils de chimie de M. J. Letoret...
Resto del título : notice des procès-verbaux des séances de l'association des ingénieurs sortis de l'Ecole de Mines de Liége (section scientifique de Mons) /
Mención de responsabilidad, etc. par M. V. Bouhy.
260 ## - PUBLICACIÓN, DISTRIBUCIÓN, ETC.
Lugar de publicación, distribución, etc. [S.l. :
Nombre del editor, distribuidor, etc. s.n.,
Fecha de publicación, distribución, etc. 188-?]
300 ## - DESCRIPCIÓN FÍSICA
Extensión 16 p., 1 h. pleg. ;
Dimensiones 22 cm.
700 1# - ENTRADA AGREGADA--NOMBRE PERSONAL
Nombre de persona Letoret, J.
9 (RLIN) 71885
852 ## - LOCALIZACIÓN
Ubicación ES-MaACL
Número de control de estantería B-7690(14)
condición física . - Encuadernado con otras obras
Holdings
Estatus retirado Estado de pérdida Estado de daño No para préstamo Colección Biblioteca de origen Biblioteca actual Ubicación en estantería Fecha de adquisición Fuente de adquisición Total de préstamos Signatura topográfica completa Código de barras Visto por última vez Precio de reemplazo Tipo de ítem Koha
        Libros del s. XIX Biblioteca del Ateneo de Madrid Biblioteca del Ateneo de Madrid Sala Pardo Bazán 17/01/2008     B-7690(14) 1072117 23/02/2023 23/02/2023 Libro impreso antiguo